| 000 | 02673nam a22003855a 4500 | ||
|---|---|---|---|
| 005 | 20080522115808.0 | ||
| 008 | 080520s2008 nyu 000 0 eng | ||
| 010 | _aENG-95822 B-446356-362 | ||
| 020 |
_a9788125036883 _c675.00 |
||
| 035 | _aEN-79355 B-446356-362 | ||
| 037 | _bDBAD/PUB | ||
| 040 |
_aDPL _bEng |
||
| 082 | _a361.95482 | ||
| 100 |
_aBanerjee, Samir _916237 |
||
| 245 |
_aNotes from Gandhigram : _cby Samir Banerjee _bchallenges to Gandhian praxis / |
||
| 260 |
_aNew Delhi _bOrient Blackswan _c2009 |
||
| 270 |
_a1/24, Asaf Ali Road, _bNew Delhi _e110002 |
||
| 300 |
_axi, 252p. _c23cm (Hb) |
||
| 490 |
_aGandhi studies. _943314 |
||
| 500 | _aIncludes bibliographical references and Index | ||
| 610 |
_aGandhigram Trust (Dindigul, India) _916239 |
||
| 650 |
_aSocial service _zIndia _zGandhigram _916240 |
||
| 650 |
_aEducation _zIndia _zGandhigram _916241 |
||
| 942 |
_2ddc _cEN _mBAN _h361.95482 |
||
| 999 |
_c33596 _d33596 |
||